Every All-Star MVP - Statistics

General Stats
  • This quiz has been taken 7 times
  • The average score is 35 of 48
Answer Stats
Hint Answer % Correct
2001 Allen Iverson
100%
2005 Allen Iverson
100%
2021 Giannis Antetokounmpo
100%
2002 Kobe Bryant
100%
2007 Kobe Bryant
100%
2009 Kobe Bryant
100%
2011 Kobe Bryant
100%
1982 Larry Bird
100%
2006 LeBron James
100%
2008 LeBron James
100%
2018 LeBron James
100%
1990 Magic Johnson
100%
1992 Magic Johnson
100%
1988 Micheal Jordan
100%
1996 Micheal Jordan
100%
1998 Micheal Jordan
100%
2015 Russell Westbrook
100%
2016 Russell Westbrook
100%
2004 Shaquille O'Neal
100%
2022 Stephen Curry
100%
2013 Chris Paul
80%
1979 David Thompson
80%
1984 Isiah Thomas
80%
1986 Isiah Thomas
80%
2020 Kawhi Leonard
80%
2012 Kevin Durant
80%
2019 Kevin Durant
80%
2014 Kyrie Irving
80%
2000 Tim Duncan
80%
2017 Anthony Davis
60%
1991 Charles Barkley
60%
2023 Jayson Tatum
60%
1983 Julius Erving
60%
1989 Karl Malone
60%
1993 Karl Malone
60%
2003 Kevin Garnett
60%
1994 Scottie Pippen
60%
2010 Dwayne Wade
40%
1978 Ed Smith
40%
1997 Glen Rice
40%
1985 Ralph Sampson
40%
1987 Tom Chambers
40%
1980 George Gervin
20%
1977 Juluis Erving
20%
1995 Mitch Richmond
20%
1976 Dave Bing
0%
1981 Nate Archibald
0%
1975 Walt Frazier
0%
No matching quizzes found
Score Distribution
Percent of People with Each Score
Percentile by Number Answered
Your Score History
You have not taken this quiz